IEEE transactions on multimedia (Record no. 38250)

MARC details
000 -LEADER
fixed length control field 00558nam a2200169Ia 4500
022 ## - INTERNATIONAL STANDARD SERIAL NUMBER
ISSN 15209210
050 ## - CALL MARK
Classification number QA 76.575 .I334/
245 #0 - TITLE STATEMENT
Title IEEE transactions on multimedia
260 ## - PUBLICATION, DISTRIBUTION, ETC. (IMPRINT)
Place of publication Piscataway, NJ
260 ## - PUBLICATION, DISTRIBUTION, ETC. (IMPRINT)
Name of publisher The Institute of Electrical and Electronic Engineers
260 ## - PUBLICATION, DISTRIBUTION, ETC. (IMPRINT)
Year of publication 2003
300 ## - PHYSICAL DESCRIPTION
Number of Pages v. : ill. ; 28 cm.
650 ## - SUBJECT ADDED ENTRY--TOPICAL TERM
Topical Term Electrical and Electronic Engineering. IEEE Signal Processing Society. IEEE Communications Society. IEEE Computer Society.
942 ## - ADDED ENTRY ELEMENTS (KOHA)
Koha item type Serials

No items available.